Cassandra: The Definitive Guide - Distributed Data at Web Scale (Record no. 8452)
[ view plain ]
| 000 -LEADER | |
|---|---|
| fixed length control field | 00332nam a22001217a 4500 |
| 008 - FIXED-LENGTH DATA ELEMENTS--GENERAL INFORMATION | |
| fixed length control field | 200131b ||||| |||| 00| 0 eng d |
| 020 ## - INTERNATIONAL STANDARD BOOK NUMBER | |
| International Standard Book Number | 978-9352134182 |
| 082 ## - | |
| Edition number | 2nd |
| 100 ## - MAIN ENTRY--PERSONAL NAME | |
| Personal name | CARPENTER, Jeff |
| 245 ## - TITLE STATEMENT | |
| Title | Cassandra: The Definitive Guide - Distributed Data at Web Scale |
| 250 ## - EDITION STATEMENT | |
| Edition statement | Page-372 |
| 260 ## - PUBLICATION, DISTRIBUTION, ETC. (IMPRINT) | |
| Name of publisher, distributor, etc | Shroff/O'Reilly |
| Date of publication, distribution, etc | 2016 |
| Withdrawn status | Lost status | Source of classification or shelving scheme | Damaged status | Koha normalized classification for sorting | Not for loan | Koha collection | Location (home branch) | Sublocation or collection (holding branch) | Date acquired | Source of acquisition | Currency | Cost, normal purchase price | Bill Number | Koha issues (times borrowed) | Koha full call number | Piece designation (barcode) | Koha date last seen | Copy number | Actual Cost, discounted price | Bill Date | Koha item type |
|---|---|---|---|---|---|---|---|---|---|---|---|---|---|---|---|---|---|---|---|---|---|
| Dewey Decimal Classification | 005_758000000000000_CAC | B.Tech(CSE) | PIET C-LIBRARY | PIET C-LIBRARY | 31/01/2020 | KIRTI PRAKASHAN NEW DELHI | IN Rupees | 850.00 | IN5960 | 005.758 CAC | 31628 | 31/01/2020 | 1 | 629.00 | 03/01/2020 | Reference Books |